000
00289 a2200121 4500
001
147065
040
_c
Escola São Tomás de Aquino
100
_a
IACOCCA, Liliana
240
1
0
_a
Farra no formigueiro
_l
por
245
1
0
_a
Farra no formigueiro
697
_a
*LITERATURA INFANTIL
942
_c
BK
999
_c
147065
_d
147065